01356nam a2200337 a 4500001001100000003000800011006001900019007001500038008004100053010001700094015001500111016001900126020001500145020003500160040002100195035002000216050002500236082002200261100003100283245014100314260003700455300001700492490004300509504005100552533015200603650004800755655002900803710001700832830004400849856012500893ebr5001683CaPaEBRm u cr cn|||||||||991108s1999 enk sb 001 0 eng  z 98035610  aGB99-182977 a03337348822Uk z0333734882 z0312217250(St. Martin's Press) aCaPaEBRcCaPaEBR a(OCoLC)4983831714aHG5993b.M384 1999eb04a332.6730917242211 aMcMillan, Susan M.,d1964-10aForeign direct investment in three regions of the South at the end of the twentieth centuryh[electronic resource] /cSusan M. McMillan. aBasingstoke :bMacMillan,c1999. axiii, 179 p.1 aInternational political economy series aIncludes bibliographical references and index. aElectronic reproduction.bPalo Alto, Calif. :cebrary,d2013.nAvailable via World Wide Web.nAccess may be limited to ebrary affiliated libraries. 0aInvestments, ForeignzDeveloping countries. 7aElectronic books.2local2 aebrary, Inc. 0aInternational political economy series.40uhttp://site.ebrary.com/lib/rucke/Doc?id=5001683zAn electronic book accessible through the World Wide Web; click to view